| 000 | 00400nam a2200169Ia 4500 | ||
|---|---|---|---|
| 008 | 210210b1988 xxu||||| |||| 00| 0 eng d | ||
| 020 | _a7 80005 006 8 | ||
| 082 | _a951 ETHC | ||
| 100 | _aETHRIDGE (James M). | ||
| 245 | _aChanging China. Ed 1. | ||
| 250 | _a | ||
| 260 |
_aChina. _bNew World Press., _c1988 |
||
| 300 | _ax,355 | ||
| 650 | _aChina | ||
| 690 | _aAsian History | ||
| 906 | _a042477 | ||
| 999 |
_c92503 _d92503 |
||